| 000 | 00808cam a2200229 a 4500 | ||
|---|---|---|---|
| 999 |
_c14327 _d14327 |
||
| 003 | OSt | ||
| 005 | 20260210175319.0 | ||
| 008 | 111027s2013 nyua 001 0 eng | ||
| 020 | _a9781133013471 | ||
| 082 | 0 | 0 |
_a660.2 _223 |
| 100 | 1 | _aSpeegle, Michael. | |
| 245 | 1 | 0 |
_aSafety, health, and environmental concepts for the process industry / _cMichael Speegle. |
| 250 | _a2nd ed. | ||
| 260 |
_aClifton Park, NY : _bDelmar, Cengage Learning, _cc2013. |
||
| 300 |
_aviii, 328 p. : _bill. ; _c28 cm. |
||
| 500 | _aIncludes index. | ||
| 650 | 0 |
_aChemical processes _xSafety measures. |
|
| 650 | 0 |
_aChemical engineering _xSafety measures. |
|
| 650 | 0 |
_aChemical engineers _xHealth and hygiene. |
|
| 856 | 4 | 1 |
_3Table of contents only _uhttp://www.loc.gov/catdir/enhancements/fy1212/2011942152-t.html |
| 942 | _2ddc | ||